000 00593nam a22001695i 4500
001 47961
003 ES-MaACL
005 20230906161653.0
007 t|
008 950206s1884 fr ||||1| fre d
040 _aCAM
_bspa
_cCCPB | PA2
100 1 _aCourtois, Alphonse
_c(Hijo)
_941293
245 1 0 _aHistoire critique des systèmes socialistes
_b: leçon d'ouverture du cours d'économie politique : extrait du Journal des Economistes /
_cde Alph. Courtois fils.
260 _aParis :
_bLibrairie Guillaumin et Cie,
_c1884.
300 _a14 p. ;
_c26 cm.
852 _aES-MaACL
_jT-1281-F-7
999 _c47961
_d47961